000 00503nam a2200181Ia 4500
005 20250508152944.0
008 008 250505s9999 xx 000 0 hin d
037 _aTextual
040 _aFEDL
_beng
_cFEDL
041 _ahin
_2hin
084 _a294.5, RAG
_qFEDL
100 _aRaghunath Dutt Bandhu
_9762830
245 0 _aPuran katha Koomudi
260 _aDelhi, India
_bNational Publishing House
_c1962
300 _a320p.
942 _cTEXL
_h294.5, RAG
999 _c1339814
_d1339814